League of Nations quiz - Statistics

General Stats
  • This quiz has been taken 31 times
  • The average score is 7 of 10
Answer Stats
Hint Answer % Correct
Who came up with the idea for the League of Nations? Woodrow Wilson
100%
Who was dictator of Italy in 1922? Benito Mussolini
96%
Which powerful country never joined? USA
96%
Which country was the only non- European in the council? Japan
93%
In which Treaty was the League of Nations created? Treaty of Versailles
93%
the league of nations is the predecessor to which modern day organisation? UN
89%
What year did Germany join the Council? 1926
78%
How often did the assembly meet? Once a year
67%
which dispute between Finland and Sweden was a success of the League? Aaland islands dispute
19%
What is the nickname of the war between Greece and Bulgaria? War of the Stray Dog
11%
No matching quizzes found
Score Distribution
Percent of People with Each Score
Percentile by Number Answered
Your Score History
You have not taken this quiz